Les Finales de Roger Federer dans les Tournois du Grand Chelem - Statistiques

Statistiques générales
  • Ce quiz a été pris 539 fois
  • Le résultat moyen est 9 sur 13
Statistiques - réponses
Réponse % Correct
Novak Djokovic
100%
Rafael Nadal
100%
Andy Murray
94%
Robin Söderling
79%
Marin Cilic
78%
Andy Roddick
76%
Andre Agassi
75%
Juan Martín del Potro
75%
Lleyton Hewitt
67%
Marat Safin
60%
Marcos Baghdatis
37%
Mark Philippoussis
34%
Fernando Gonzalez
29%
Aucun quiz correspondant
Distribution des résultats
% des personnes avec chaque résultat
Percentile par nombre de réponses
Votre historique - résultats
Vous n’avez pas pris ce quiz